000
00279 a2200121 4500
999
_c
10478
_d
10478
008
220412b ||||| |||| 00| 0 eng d
020
_a
9789383026067
082
_a
658.401
100
_a
D-Cottage
245
_a
Research methodology
260
_b
Pearl Books
_c
2017
942
_2
ddc